Sąsiedzi sąsiadów Niemiec - Statystyki

Ogólne statystyki
  • Ten quiz został rozwiązany 34 razy
  • Średni wynik to 11 z 14
Statystyki odpowiedzi
Państwo % Poprawnych
Litwa
100%
Słowacja
100%
Ukraina
100%
Hiszpania
97%
Rosja
97%
Włochy
97%
Białoruś
93%
Słowenia
90%
Węgry
86%
Liechtenstein
83%
Andora
79%
Monako
79%
Brazylia
17%
Surinam
7%
Nie znaleziono quizów pasujących do podanych kryteriów
Rozkład punktacji
Procent ludzi z każdym wynikiem
Percentyl według liczby udzielonych odpowiedzi
Twoja historia wyników
Nie rozwiązałeś tego quizu